| 000 | 02018 a2200241 4500 | ||
|---|---|---|---|
| 001 | 22980 | ||
| 005 | 20260407155519.0 | ||
| 008 | 260407a1987 arg spa d | ||
| 003 | AR-UNSa-BCEJYS | ||
| 040 |
_aAR-UNSa-BCEJYS _bspa _cAR-UNSa-BCEJYS |
||
| 080 |
_a338.5.01 _xTeorías de los precios |
||
| 245 | 1 | 0 | _aSistemas de precios y asiganción de recursos |
| 250 | _a9a. ed | ||
| 264 | 1 |
_aMéxico : _bMcGraw-Hill _c1987 |
|
| 300 |
_axi, 637 p. _c23 cm. |
||
| 505 | _aParte I: Repaso del análisis económico básico - 1. Actividad económica y teoría económica - 2. La organización de un sistema económico - 3. El modelo de mercado de competencia pura - 4. Aplicaciones del modelo a la política económica - Parte II: Los fundamentos de la demanda - 5. Teoría moderna de la elección del consumidor - 6. Curva de Engel, las curvas de demanda y el intercambio - 7. El enfoque de utilidad en la preferencia y la demanda del consumidor. Un caso especial - Parte III: Las bases de los costos y la oferta - 8. Clasificación del mercado y la demanda desde el punto de vista del vendedor - 9. Los principios de la producción - 10. Costos de producción - Parte IV: Precios y niveles de producción de bienes y servicios - 11. Precio y producción en competencia pura - 12. Fijación de precios y producción bajo el monopolio puro - 13. Fijación de precios y de la producción bajo el oligopolio - 14. Fijación de precios y producción bajo competencia monopolística - Parte V: La determinación de los precios de los recursos y sus funciones - 15. Fijación de precios y utilización de recursos: competencia pura - 16. Fijación de precios y utilización de recursos: monopolio y monopsonio - 17. Distribución de recursos - 18. Distribución del ingreso y del producto - 19. Bienestar y equilibrio | ||
| 942 | _cBK | ||
| 590 | _aniveau_biblio:m niveau_hierar:0 | ||
| 100 | 1 | _aLeftwich, Richard H. | |
| 700 | 1 | _aEckert, Ross D. | |
| 700 | 1 | _aCoro Pando, Julio Silverio | |
| 700 | 1 | _aLastra, Eduardo J. | |
| 999 |
_c1078 _d1078 |
||